[Event "Alta Padovana op-B 5th"]
[Site "Loreggia"]
[Date "2005.02.27"]
[Round "5"]
[White "Pomaro, Stefano"]
[Black "Dal Maschio, Costantino"]
[Result "0-1"]
[WhiteElo "1723"]
[BlackElo "1844"]
[PlyCount "71"]
[EventDate "2005.02.25"]
[EventType "swiss"]
[EventRounds "5"]
[EventCountry "ITA"]
[SourceTitle "EXT 2024"]
[Source "ChessBase"]
[SourceDate "2023.10.10"]
[SourceVersion "1"]
[SourceVersionDate "2023.10.10"]
[SourceQuality "1"]

1. e4 c5 2. Nf3 d6 3. Bb5+ Bd7 4. a4 Nf6 5. Qe2 g6 6. 0-0 Bg7 7. e5 dxe5 8. Nxe5 0-0 9. Nxd7 Nfxd7 10. Nc3 a6 11. Bxd7 Qxd7 12. Ne4 Qc6 13. d3 Nd7 14. a5 Rfe8 15. c3 e5 16. Bd2 f5 17. Ng3 Nf6 18. Rfe1 Rad8 19. Bg5 Rc8 20. Qd2 Rcd8 21. Qc2 Qb5 22. c4 Qc6 23. f3 h6 24. Bd2 h5 25. Bc3 h4 26. Nh1 Nh5 27. Nf2 Nf4 28. Re3 Qf6 29. Rae1 Qg5 30. Nd1 h3 31. g3 Ng2 32. Qe2 f4 33. Re4 Nxe1 34. Qxe1 Rxd3 35. Nf2 fxg3 36. Ng4 0-1

[Event "Alta Padovana op-B 5th"]
[Site "Loreggia"]
[Date "2005.02.26"]
[Round "3"]
[White "Bellemo, Davide"]
[Black "Dal Maschio, Costantino"]
[Result "1-0"]
[WhiteElo "1742"]
[BlackElo "1844"]
[PlyCount "105"]
[EventDate "2005.02.25"]
[EventType "swiss"]
[EventRounds "5"]
[EventCountry "ITA"]
[SourceTitle "EXT 2024"]
[Source "ChessBase"]
[SourceDate "2023.10.10"]
[SourceVersion "1"]
[SourceVersionDate "2023.10.10"]
[SourceQuality "1"]

1. d4 Nf6 2. c4 g6 3. g3 Bg7 4. Bg2 d5 5. cxd5 Nxd5 6. Nc3 c6 7. Nxd5 cxd5 8. e3 0-0 9. Ne2 e6 10. 0-0 Bd7 11. b3 Bc6 12. Ba3 Re8 13. Qd2 Nd7 14. Rac1 a5 15. Rc2 Nb6 16. Nf4 a4 17. Bb2 axb3 18. axb3 Nd7 19. Nd3 Bf8 20. Ba1 Qb6 21. Rb1 Ra3 22. b4 Qa6 23. Bc3 Bb5 24. Bf1 Nb6 25. Nc5 Bxc5 26. Bxb5 Qxb5 27. dxc5 Nd7 28. Qd4 f6 29. Rd1 Ne5 30. Kg2 Rf8 31. e4 Nc6 32. Qd2 d4 33. Ba1 e5 34. Rb1 Rfa8 35. Qe1 Qd3 36. Rcc1 Qf3+ 37. Kg1 Ra2 38. b5 Re2 39. Qf1 Ne7 40. c6 bxc6 41. bxc6 Raa2 42. c7 Rxf2 43. c8Q+ Nxc8 44. Rxc8+ Kg7 45. Rc7+ Kh6 46. Qh3+ Qh5 47. Qxh5+ gxh5 48. Rbb7 Rg2+ 49. Kf1 Rgf2+ 50. Ke1 Rfe2+ 51. Kd1 f5 52. Rb6+ Kg5 53. Rg7# 1-0

[Event "Alta Padovana op-B 5th"]
[Site "Loreggia"]
[Date "2005.02.26"]
[Round "2"]
[White "Dal Maschio, Costantino"]
[Black "Fogliato, Denis"]
[Result "1-0"]
[WhiteElo "1844"]
[BlackElo "1599"]
[PlyCount "74"]
[EventDate "2005.02.25"]
[EventType "swiss"]
[EventRounds "5"]
[EventCountry "ITA"]
[SourceTitle "EXT 2024"]
[Source "ChessBase"]
[SourceDate "2023.10.10"]
[SourceVersion "1"]
[SourceVersionDate "2023.10.10"]
[SourceQuality "1"]

1. e4 c5 2. Nf3 d6 3. d4 cxd4 4. Nxd4 Nf6 5. Nc3 e6 6. Be2 Be7 7. 0-0 0-0 8. Be3 a6 9. Qd2 b5 10. a3 Bb7 11. f3 Nc6 12. Rad1 Qc7 13. Rfe1 Rac8 14. Bf1 Rfd8 15. Qf2 Nd7 16. Kh1 Nce5 17. Qg3 Nb6 18. Bc1 Nec4 19. Nce2 d5 20. e5 Nxe5 21. Bf4 Bd6 22. Qh3 Nec4 23. Bc1 e5 24. Nf5 Bf8 25. Neg3 f6 26. Bd3 g6 27. Qg4 Kh8 28. Nh4 e4 29. fxe4 dxe4 30. Nxe4 Bxe4 31. Qxe4 Ne5 32. Nf3 Nxd3 33. cxd3 Qd7 34. Qe6 Rc6 35. Qxd7 Rxd7 36. d4 Kg8 37. Kg1 Kf7 1-0

[Event "Graticolato op-B U1700 8th"]
[Site "Santa Maria di Sala"]
[Date "2000.11.19"]
[Round "3.5"]
[White "Dal Maschio, Costantino"]
[Black "Pietrobon, Gabriele"]
[Result "1-0"]
[WhiteElo "1693"]
[BlackElo "1563"]
[PlyCount "101"]
[EventDate "2000.11.18"]
[EventType "swiss"]
[EventRounds "6"]
[EventCountry "ITA"]
[SourceTitle "EXT 2023"]
[Source "ChessBase"]
[SourceDate "2022.10.05"]
[SourceVersion "1"]
[SourceVersionDate "2022.10.05"]
[SourceQuality "1"]

1. e4 d6 2. d4 Nf6 3. Bd3 c6 4. c4 g6 5. Nc3 e5 6. d5 Bg7 7. Nf3 Bg4 8. h3 Bxf3 9. Qxf3 Nbd7 10. 0-0 0-0 11. Be3 Nc5 12. Rfd1 cxd5 13. cxd5 Nxd3 14. Rxd3 a6 15. Qe2 Rc8 16. f3 Nd7 17. Rdd1 Nc5 18. Rac1 Rc7 19. Rc2 Qc8 20. Rdc1 Qd7 21. b4 Na4 22. Nxa4 Rxc2 23. Qxc2 Qb5 24. a3 f5 25. Nb6 fxe4 26. fxe4 Bf6 27. Qc4 Qxc4 28. Rxc4 Bd8 29. Na4 Kf7 30. Nb2 Ke8 31. Rc1 Kd7 32. Rf1 Rxf1+ 33. Kxf1 b5 34. Nd3 Ke8 35. g4 Kf7 36. Ne1 Kg7 37. Nf3 h6 38. Nd2 Bc7 39. Nb1 Bd8 40. Nc3 Kf7 41. a4 bxa4 42. Nxa4 g5 43. Bb6 Be7 44. Ke2 Ke8 45. Kd3 Kd7 46. Kc4 Kc8 47. b5 axb5+ 48. Kxb5 Kd7 49. Ba5 Kc8 50. Kc6 Bf8 51. Bc7 1-0

[Event "Graticolato op-A U1900 7th"]
[Site "Santa Maria di Sala"]
[Date "1999.11.28"]
[Round "5.7"]
[White "Sedani, Elisa"]
[Black "Dal Maschio, Costantino"]
[Result "0-1"]
[WhiteElo "1479"]
[BlackElo "1708"]
[PlyCount "78"]
[EventDate "1999.11.20"]
[EventType "swiss"]
[EventRounds "6"]
[EventCountry "ITA"]
[SourceTitle "EXT 2023"]
[Source "ChessBase"]
[SourceDate "2022.10.05"]
[SourceVersion "1"]
[SourceVersionDate "2022.10.05"]
[SourceQuality "1"]

1. e4 c5 2. Nf3 d6 3. d4 cxd4 4. Nxd4 Nf6 5. Nc3 g6 6. Be2 Bg7 7. 0-0 0-0 8. Be3 Nc6 9. Nf3 Bd7 10. Qd2 Re8 11. Kh1 Rc8 12. Ng1 Qa5 13. f4 Ng4 14. f5 Nxe3 15. Qxe3 Qb4 16. Rab1 Qd4 17. Qh3 Qd2 18. Nf3 Qe3 19. Bd3 Nb4 20. Rbe1 Qh6 21. Qxh6 Bxh6 22. g4 Bg7 23. Nd5 Nxd3 24. cxd3 e6 25. Ne3 Bb5 26. Rd1 b6 27. Rg1 Ba6 28. b3 Rc3 29. Ne1 d5 30. Rg3 Rec8 31. fxe6 fxe6 32. exd5 exd5 33. Rg2 Rc1 34. Rxc1 Rxc1 35. Rg1 d4 36. Nd5 Bb7 37. Nf3 Rxg1+ 38. Kxg1 Bxd5 39. Nd2 Bh6 0-1

[Event "Graticolato op-A U1900 7th"]
[Site "Santa Maria di Sala"]
[Date "1999.11.20"]
[Round "1.6"]
[White "Liubich, Fabrizio"]
[Black "Dal Maschio, Costantino"]
[Result "1-0"]
[WhiteElo "1513"]
[BlackElo "1708"]
[PlyCount "125"]
[EventDate "1999.11.20"]
[EventType "swiss"]
[EventRounds "6"]
[EventCountry "ITA"]
[SourceTitle "EXT 2023"]
[Source "ChessBase"]
[SourceDate "2022.10.05"]
[SourceVersion "1"]
[SourceVersionDate "2022.10.05"]
[SourceQuality "1"]

1. d4 Nf6 2. c4 g6 3. Nc3 d5 4. Nf3 Bg7 5. Bf4 c6 6. e3 0-0 7. Bd3 Nbd7 8. h3 e6 9. 0-0 Re8 10. Rc1 dxc4 11. Bxc4 Nb6 12. Bb3 Nbd5 13. Be5 Bd7 14. Qe2 Nxc3 15. bxc3 Ne4 16. Bxg7 Kxg7 17. Ne5 Qe7 18. Rfd1 Rad8 19. Qf3 Nd6 20. c4 Bc8 21. c5 Nb5 22. a4 Nc7 23. Nc4 Rf8 24. a5 Qf6 25. Qg3 Qe7 26. Nd6 Ne8 27. Nc4 Nc7 28. Ra1 Nb5 29. Qf3 a6 30. Ba4 Qc7 31. Bxb5 axb5 32. Nd6 Qd7 33. Qe4 f6 34. Qf4 Rh8 35. e4 Rhf8 36. e5 f5 37. Rd3 Qc7 38. Rg3 Kh8 39. Qh6 Qg7 40. Qg5 Rg8 41. h4 h5 42. f4 Kh7 43. Rga3 Qc7 44. Qg3 Rgf8 45. Qb3 Qe7 46. g3 Qd7 47. Kg2 Kh8 48. Qf3 Kg8 49. Kf2 Kg7 50. Qb3 Kh8 51. R1a2 Kh7 52. Qc3 Kg8 53. Ke3 Kg7 54. Qa1 Kg8 55. a6 bxa6 56. Rxa6 Bxa6 57. Rxa6 Qc7 58. Ra7 Qb8 59. Qa2 b4 60. Qxe6+ Kh8 61. Nf7+ Kg7 62. Qf6+ Kh7 63. Ng5+ 1-0

[Event "Treviso Lega op"]
[Site "Treviso"]
[Date "1996.??.??"]
[Round "1"]
[White "Cosma, Bruno"]
[Black "Dal Maschio, Costantino"]
[Result "0-1"]
[WhiteElo "1680"]
[BlackElo "1640"]
[PlyCount "148"]
[EventDate "1996.??.??"]
[EventType "swiss"]
[EventRounds "6"]
[EventCountry "ITA"]
[SourceTitle "EXT 1999"]
[Source "ChessBase"]
[SourceDate "1998.11.16"]
[SourceVersion "1"]
[SourceVersionDate "1998.11.16"]
[SourceQuality "1"]

1. Nf3 g6 2. d4 Bg7 3. Bf4 Nf6 4. h3 0-0 5. e3 c5 6. c3 Qb6 7. Qc1 d6 8. Be2 Bd7 9. a4 Nc6 10. 0-0 Rac8 11. Nbd2 Rfe8 12. Nc4 Qd8 13. dxc5 dxc5 14. Rd1 Na5 15. Qc2 Nxc4 16. Bxc4 Qa5 17. Ne5 Be6 18. Bxe6 fxe6 19. Qb3 Qb6 20. Qxb6 axb6 21. Nd7 Nd5 22. Be5 Red8 23. Bxg7 Rxd7 24. e4 Kxg7 25. exd5 exd5 26. Re1 Ra8 27. Re6 b5 28. a5 Ra6 29. Rb6 Rxb6 30. axb6 Rd6 31. Ra7 Rxb6 32. Kf1 b4 33. Ke2 Kf6 34. Ra5 bxc3 35. bxc3 Rc6 36. Rb5 b6 37. Rb1 Ke5 38. Kf3 Rf6+ 39. Ke3 d4+ 40. cxd4+ cxd4+ 41. Ke2 Kd5 42. Rb5+ Kc4 43. Re5 d3+ 44. Ke3 Rd6 45. Kd2 e6 46. Re4+ Kb3 47. Re5 Ka4 48. Re4+ Ka5 49. Rc4 b5 50. Rc7 h5 51. Ra7+ Kb6 52. Ra3 Kc5 53. Rc3+ Kb4 54. Rc1 Ka3 55. Rc5 b4 56. Ra5+ Kb3 57. Rb5 Kc4 58. Rb8 e5 59. f3 Ra6 60. Rc8+ Kd5 61. Kxd3 Rb6 62. Rd8+ Ke6 63. Kc4 Kf5 64. Re8 Kf4 65. Kb3 Kg3 66. Rxe5 Kxg2 67. f4 Kxh3 68. f5 gxf5 69. Rxf5 Kg4 70. Rf8 h4 71. Rg8+ Kh3 72. Rg5 Kh2 73. Rg4 h3 74. Rg5 Kh1 0-1

[Event "Treviso Lega op"]
[Site "Treviso"]
[Date "1996.??.??"]
[Round "5"]
[White "Dal Maschio, Costantino"]
[Black "Roberti, Ignazio"]
[Result "1-0"]
[WhiteElo "1640"]
[BlackElo "1760"]
[PlyCount "89"]
[EventDate "1996.??.??"]
[EventType "swiss"]
[EventRounds "6"]
[EventCountry "ITA"]
[SourceTitle "EXT 1999"]
[Source "ChessBase"]
[SourceDate "1998.11.16"]
[SourceVersion "1"]
[SourceVersionDate "1998.11.16"]
[SourceQuality "1"]

1. e4 e6 2. d4 d5 3. Nd2 c5 4. exd5 exd5 5. Ngf3 Nf6 6. Bb5+ Nc6 7. 0-0 Be7 8. dxc5 Bxc5 9. Qe2+ Kf8 10. Nb3 Bb6 11. Bg5 h6 12. Bh4 g5 13. Bg3 Bg4 14. Bxc6 bxc6 15. Qe5 Bxf3 16. gxf3 Rg8 17. Nd4 Bxd4 18. Qxd4 Nh5 19. Qc5+ Kg7 20. Be5+ f6 21. Bd4 Qd7 22. Rfe1 Kf7 23. Kh1 Nf4 24. Re3 Ne6 25. Qc3 Nxd4 26. Qxd4 Rge8 27. Rae1 Rxe3 28. Rxe3 Qh3 29. Kg1 Qd7 30. Qd3 Kg7 31. Qa3 Kf7 32. Qd3 Kg7 33. c4 d4 34. Qd2 c5 35. Ra3 Rb8 36. Qe2 Rb7 37. Ra6 Rb6 38. Ra5 Qc7 39. Ra3 Kf7 40. Qe4 Kg7 41. f4 Rd6 42. fxg5 hxg5 43. Rh3 Kg8 44. Qg6+ Qg7 45. Qe8+ 1-0

[Event "Treviso Lega op"]
[Site "Treviso"]
[Date "1996.??.??"]
[Round "3"]
[White "Pomaro, Stefano"]
[Black "Dal Maschio, Costantino"]
[Result "0-1"]
[WhiteElo "1635"]
[BlackElo "1640"]
[PlyCount "78"]
[EventDate "1996.??.??"]
[EventType "swiss"]
[EventRounds "6"]
[EventCountry "ITA"]
[SourceTitle "EXT 1999"]
[Source "ChessBase"]
[SourceDate "1998.11.16"]
[SourceVersion "1"]
[SourceVersionDate "1998.11.16"]
[SourceQuality "1"]

1. e4 c5 2. b4 cxb4 3. a3 d6 4. Bc4 Nf6 5. Qe2 e6 6. Bb2 Be7 7. Nf3 0-0 8. 0-0 Nc6 9. axb4 Nxb4 10. Na3 Bd7 11. d4 d5 12. exd5 Nfxd5 13. Bxd5 Nxd5 14. c4 Nb6 15. Rfd1 Na4 16. Ne5 Nxb2 17. Qxb2 Bxa3 18. Rxa3 f6 19. Nd3 b6 20. c5 Bc6 21. Nf4 Bd5 22. Qe2 Re8 23. Rg3 Re7 24. h4 a5 25. h5 a4 26. h6 g5 27. Nh5 Rf7 28. f4 a3 29. fxg5 fxg5 30. Qe5 Kf8 31. Rxg5 a2 32. Ra1 Qb8 33. Qh8+ Ke7 34. Qxb8 Rxb8 35. Rxd5 exd5 36. Rxa2 bxc5 37. Ra7+ Kf8 38. Rxf7+ Kxf7 39. dxc5 Rc8 0-1